=LDR 00000nam 2200000 4500 =001 INLIS000000000028099 =005 20130612130427 =008 ***********************************ind** =035 ##$$0010-061300000028099 =041 ##$$a ind =082 ##$$a 345.001 =090 ##$$a 345.001, HAM t =100 ##$$a Hamzah, A =245 ##$$a Tinjauan ringkas sistem pemidanan di Indonesia, A. Hamzah, Siti Rahayu =260 ##$$a 1983 $b Jakarta =300 ##$$a 131 hlm., 21 cm =650 ##$$a Sistem Pemidanan =700 ##$$a Rahayu, Siti =850 ##$$a NBPNMAT